[Event "Marienbad Open 2016"]
[Site "Marianske Lazne CZE"]
[Date "2016.01.20"]
[Round "6.13"]
[White "Bartos, Jan"]
[Black "Musial, Tomasz"]
[Result "1-0"]
[WhiteElo "2176"]
[BlackElo "1689"]
[PlyCount "45"]
[EventDate "2016.01.16"]
[EventType "swiss"]
[EventRounds "9"]
[EventCountry "CZE"]
[Source "lmi"]
[SourceDate "2016.01.16"]

1. d4 d5 2. c4 e5 3. dxe5 d4 4. Nf3 Nc6 5. a3 Nge7 6. Nbd2 Ng6 7. Nb3 Ngxe5 8.
Nxe5 Nxe5 9. Nxd4 c5 10. Nb5 a6 11. Qxd8+ Kxd8 12. Bf4 Nxc4 13. Nc7 Ra7 14.
O-O-O+ Bd7 15. e3 Na5 16. Be2 h5 17. Rd5 Ke7 18. Rhd1 Bc6 19. Re5+ Kf6 20. Ne8+
Bxe8 21. Rxe8 Nc6 22. Bd6 h4 23. Bxf8 1-0

[Event "Marienbad Open 2016"]
[Site "Marianske Lazne CZE"]
[Date "2016.01.20"]
[Round "6.14"]
[White "Motyl, Tomasz"]
[Black "Semenova, Irina"]
[Result "1/2-1/2"]
[WhiteElo "2005"]
[BlackElo "2160"]
[PlyCount "49"]
[EventDate "2016.01.16"]
[EventType "swiss"]
[EventRounds "9"]
[EventCountry "CZE"]
[Source "lmi"]
[SourceDate "2016.01.16"]

1. g3 e5 2. Bg2 Nc6 3. d3 g6 4. e4 Bg7 5. Nc3 d6 6. f4 exf4 7. Bxf4 Nd4 8. Qd2
Be6 9. Nd1 h5 10. c3 Nc6 11. d4 Bd7 12. Nf3 f6 13. h4 Nh6 14. Nf2 Qe7 15. O-O-O
Ng4 16. Rde1 O-O-O 17. Bf1 Qf7 18. Kb1 Rde8 19. Bd3 Nxf2 20. Qxf2 Kb8 21. Qc2
Ne7 22. Rhf1 Bg4 23. Bb5 Rd8 24. Bd3 Rhe8 25. Re3 1/2-1/2

[Event "Marienbad Open 2016"]
[Site "Marianske Lazne CZE"]
[Date "2016.01.20"]
[Round "6.17"]
[White "Dolezal, Rudolf"]
[Black "Srienz, Christian"]
[Result "0-1"]
[WhiteElo "1787"]
[BlackElo "2239"]
[PlyCount "74"]
[EventDate "2016.01.16"]
[EventType "swiss"]
[EventRounds "9"]
[EventCountry "CZE"]
[Source "lmi"]
[SourceDate "2016.01.16"]

1. e4 c5 2. Nf3 Nc6 3. a3 e6 4. Bb5 Nge7 5. O-O a6 6. Bxc6 Nxc6 7. c3 e5 8. d4
d6 9. dxe5 dxe5 10. Qxd8+ Kxd8 11. Be3 f6 12. b4 b6 13. Nbd2 Be6 14. Rfd1 Kc7
15. bxc5 Bxc5 16. Bxc5 bxc5 17. Rab1 Rab8 18. h3 Rb5 19. Nf1 Rhb8 20. N3d2 Na5
21. Rxb5 axb5 22. Ne3 Rd8 23. Nb1 Rxd1+ 24. Nxd1 Nc4 25. Kf1 Kb6 26. Ke2 Ka5
27. Ne3 Nxe3 28. Kxe3 Ka4 29. f4 exf4+ 30. Kxf4 Kb3 31. c4 Bxc4 32. Nd2+ Kxa3
33. e5 fxe5+ 34. Kxe5 Bd3 35. g4 b4 36. Kd5 c4 37. Nxc4+ Bxc4+ 0-1

[Event "Marienbad Open 2016"]
[Site "Marianske Lazne CZE"]
[Date "2016.01.20"]
[Round "6.18"]
[White "Schulz, Michael"]
[Black "Sadzikowski, Marian"]
[Result "0-1"]
[WhiteElo "2158"]
[BlackElo "1828"]
[PlyCount "84"]
[EventDate "2016.01.16"]
[EventType "swiss"]
[EventRounds "9"]
[EventCountry "CZE"]
[Source "lmi"]
[SourceDate "2016.01.16"]

1. d4 b6 2. c4 Bb7 3. Nc3 e6 4. a3 Nf6 5. Nf3 Be7 6. d5 exd5 7. cxd5 d6 8. e4
O-O 9. Bc4 Ba6 10. Bxa6 Nxa6 11. O-O Nc5 12. Qc2 Rc8 13. b4 Ncd7 14. Nd4 Ne5
15. f4 c5 16. bxc5 bxc5 17. Ndb5 Ng6 18. Nxa7 Ra8 19. Nc6 Qd7 20. h3 Bd8 21.
Bb2 Ne7 22. Nxe7+ Qxe7 23. Rae1 Qb7 24. Rd1 Rb8 25. Rb1 Re8 26. Ba1 Qa7 27.
Rxb8 c4+ 28. Kh1 Qxb8 29. Rb1 Qa8 30. Re1 Ba5 31. Re2 Nh5 32. Re3 Nxf4 33. Nb5
Qd8 34. Rg3 Nh5 35. Rf3 Qh4 36. Bc3 Bxc3 37. Qxc3 Qxe4 38. Rf1 Qe5 39. Qxe5
Rxe5 40. Nxd6 Ng3+ 41. Kg1 Nxf1 42. Kxf1 c3 0-1

[Event "Marienbad Open 2016"]
[Site "Marianske Lazne CZE"]
[Date "2016.01.20"]
[Round "6.19"]
[White "Dwilewicz, Katarzyna"]
[Black "Grove, Michael"]
[Result "1/2-1/2"]
[WhiteElo "1807"]
[BlackElo "2056"]
[PlyCount "81"]
[EventDate "2016.01.16"]
[EventType "swiss"]
[EventRounds "9"]
[EventCountry "CZE"]
[Source "lmi"]
[SourceDate "2016.01.16"]

1. e4 c5 2. Nf3 d6 3. d4 cxd4 4. Nxd4 Nf6 5. f3 a6 6. c4 e6 7. Nc3 Be7 8. Be2
Nc6 9. Be3 d5 10. cxd5 exd5 11. Qa4 dxe4 12. fxe4 O-O 13. O-O-O Qc7 14. Nxc6
Qxc6 15. Qxc6 bxc6 16. h3 Bb4 17. Bf3 Be6 18. Bd4 Nd7 19. a3 Ba5 20. Ne2 Bb3
21. Rd3 Bc4 22. Rdd1 Nf6 23. Bxf6 gxf6 24. Rd6 Bb5 25. Rxf6 Rfe8 26. Nd4 Bd8
27. Nxb5 Bxf6 28. Nc7 Bxb2+ 29. Kc2 Be5 30. Nxe8 Rxe8 31. Rb1 Rb8 32. Rxb8+
Bxb8 33. Kd3 Bd6 34. a4 a5 35. Kc4 Bb4 36. Bg4 f6 37. Be6+ Kg7 38. Bd7 c5 39.
Be6 Kf8 40. Bf5 Kg7 41. Kd5 1/2-1/2

[Event "Marienbad Open 2016"]
[Site "Marianske Lazne CZE"]
[Date "2016.01.20"]
[Round "6.20"]
[White "Becvar, Miroslav"]
[Black "Ochmann, Reimund"]
[Result "0-1"]
[WhiteElo "1773"]
[BlackElo "2048"]
[PlyCount "68"]
[EventDate "2016.01.16"]
[EventType "swiss"]
[EventRounds "9"]
[EventCountry "CZE"]
[Source "lmi"]
[SourceDate "2016.01.16"]

1. e4 e5 2. Nf3 Nc6 3. Bb5 a6 4. Ba4 d6 5. c3 Qf6 6. h3 Qg6 7. d4 Qxe4+ 8. Kf1
exd4 9. Nxd4 Bd7 10. Nd2 Qg6 11. Bc2 f5 12. N2f3 Nxd4 13. Qxd4 Be7 14. g4 Bf6
15. Qf4 h6 16. Bxf5 Bxf5 17. gxf5 Qh5 18. Qg4 Qf7 19. Qe4+ Ne7 20. Qxb7 O-O 21.
Qb3 d5 22. Be3 Nxf5 23. Bc5 Be7 24. Ne5 Qe6 25. Bxe7 Nxe7 26. Re1 Qf5 27. Re2
Rae8 28. Rh2 c6 29. c4 d4 30. Qd3 Qf4 31. Kg1 Nf5 32. Nxc6 Qc1+ 33. Kg2 Nh4+
34. Kg3 Qg5# 0-1

[Event "Marienbad Open 2016"]
[Site "Marianske Lazne CZE"]
[Date "2016.01.20"]
[Round "6.22"]
[White "Jedrocha, Katarzyna"]
[Black "Panos, Jan"]
[Result "1-0"]
[WhiteElo "1945"]
[BlackElo "1819"]
[PlyCount "63"]
[EventDate "2016.01.16"]
[EventType "swiss"]
[EventRounds "9"]
[EventCountry "CZE"]
[Source "lmi"]
[SourceDate "2016.01.16"]

1. e4 e6 2. d3 d5 3. Nd2 c5 4. Ngf3 Nc6 5. g3 g6 6. Bg2 Bg7 7. c3 Nge7 8. O-O
O-O 9. Re1 b5 10. Nf1 Rb8 11. e5 d4 12. Qc2 Qb6 13. cxd4 cxd4 14. N1d2 Nb4 15.
Qb3 a5 16. Ne4 Bb7 17. Bd2 Bd5 18. Qd1 Nxa2 19. Bg5 Qc7 20. Nf6+ Bxf6 21. exf6
Nf5 22. Bf4 Nd6 23. Qd2 Rfd8 24. Be5 Qc6 25. Nxd4 Qc5 26. Bxd5 Qxd5 27. Rxa2
Ne8 28. Rxa5 Rb7 29. Qb4 h6 30. Rxb5 Rxb5 31. Qxb5 Qa8 32. Nc6 1-0

[Event "Marienbad Open 2016"]
[Site "Marianske Lazne CZE"]
[Date "2016.01.21"]
[Round "7.2"]
[White "Ilandzis, Spyridon"]
[Black "Dambrauskas, Virginijus"]
[Result "1/2-1/2"]
[WhiteElo "2136"]
[BlackElo "2273"]
[PlyCount "76"]
[EventDate "2016.01.16"]
[EventType "swiss"]
[EventRounds "9"]
[EventCountry "CZE"]
[Source "lmi"]
[SourceDate "2016.01.16"]

1. d4 d5 2. c4 e6 3. Nc3 c6 4. Nf3 Nf6 5. Qd3 Nbd7 6. e4 dxe4 7. Nxe4 Nxe4 8.
Qxe4 Bb4+ 9. Bd2 Qa5 10. Bd3 Bxd2+ 11. Nxd2 c5 12. Qg4 cxd4 13. Qxg7 Qe5+ 14.
Qxe5 Nxe5 15. Bc2 Bd7 16. f4 Ng4 17. Nf1 Bc6 18. Rg1 h5 19. Rd1 O-O-O 20. h3
Nh6 21. Ng3 e5 22. fxe5 Rhe8 23. Kf2 Rxe5 24. Rge1 Rxe1 25. Rxe1 d3 26. Bd1 h4
27. Ne4 Rd4 28. Nd2 Nf5 29. Bg4 Rf4+ 30. Nf3 Kc7 31. Bxf5 Rxf5 32. Rd1 Bxf3 33.
gxf3 Rg5 34. Rxd3 Rg3 35. Rd4 Rxh3 36. Kg2 Rg3+ 37. Kf2 Rh3 38. Kg2 Rg3+
1/2-1/2

[Event "Marienbad Open 2016"]
[Site "Marianske Lazne CZE"]
[Date "2016.01.21"]
[Round "7.6"]
[White "Kozak, Milos"]
[Black "Chekletsov, Ilya"]
[Result "1/2-1/2"]
[WhiteElo "2136"]
[BlackElo "2246"]
[PlyCount "63"]
[EventDate "2016.01.16"]
[EventType "swiss"]
[EventRounds "9"]
[EventCountry "CZE"]
[Source "lmi"]
[SourceDate "2016.01.16"]

1. Nf3 e6 2. g3 b6 3. d4 Bb7 4. Bg2 Nf6 5. O-O Be7 6. c4 O-O 7. Re1 Na6 8. Nc3
Ne4 9. Nxe4 Bxe4 10. Ne5 Bxg2 11. Kxg2 d6 12. Nc6 Qd7 13. Nxe7+ Qxe7 14. e4 c5
15. b3 e5 16. d5 Qd7 17. g4 b5 18. Re3 Nc7 19. Rh3 f6 20. Be3 a5 21. Qe2 a4 22.
Rg1 Rfb8 23. g5 axb3 24. axb3 fxg5 25. Bxg5 bxc4 26. bxc4 Rf8 27. Qh5 g6 28.
Qh4 Ne8 29. Kh1 Rf7 30. Be3 Rf6 31. Bg5 Rf7 32. Be3 1/2-1/2

[Event "Marienbad Open 2016"]
[Site "Marianske Lazne CZE"]
[Date "2016.01.21"]
[Round "7.9"]
[White "Stigar, Petter"]
[Black "Lukasiewicz, Krzysztof"]
[Result "1-0"]
[WhiteElo "2254"]
[BlackElo "2103"]
[PlyCount "69"]
[EventDate "2016.01.16"]
[EventType "swiss"]
[EventRounds "9"]
[EventCountry "CZE"]
[Source "lmi"]
[SourceDate "2016.01.16"]

1. d4 d5 2. c4 e6 3. Nf3 Nf6 4. Nc3 Be7 5. Bf4 O-O 6. e3 c5 7. dxc5 Bxc5 8. a3
Nc6 9. Qc2 d4 10. O-O-O Qe7 11. exd4 Nxd4 12. Nxd4 e5 13. Be3 exd4 14. Bxd4
Bxd4 15. Rxd4 Qc5 16. Qd2 Bf5 17. g4 Bg6 18. g5 Qc6 19. f3 Ne8 20. Bg2 Nc7 21.
f4 Qc5 22. b4 Qf5 23. Be4 Qh3 24. f5 Bxf5 25. Rd3 Qg4 26. Rg3 Bxe4 27. Rxg4
Bxh1 28. Qd1 Bc6 29. Rh4 Ne6 30. Qh5 h6 31. gxh6 g6 32. Qe5 Kh7 33. Ne4 g5 34.
Qf5+ Kh8 35. Nf6 1-0

[Event "Marienbad Open 2016"]
[Site "Marianske Lazne CZE"]
[Date "2016.01.21"]
[Round "7.10"]
[White "Srienz, Christian"]
[Black "Motyl, Tomasz"]
[Result "1-0"]
[WhiteElo "2239"]
[BlackElo "2005"]
[PlyCount "71"]
[EventDate "2016.01.16"]
[EventType "swiss"]
[EventRounds "9"]
[EventCountry "CZE"]
[Source "lmi"]
[SourceDate "2016.01.16"]

1. Nf3 d6 2. d4 Bg4 3. e4 Nf6 4. h3 Bh5 5. Bd3 c6 6. c4 e5 7. Be3 Bxf3 8. gxf3
Qb6 9. d5 Qxb2 10. Nd2 Qc3 11. Rb1 b6 12. O-O Nxd5 13. cxd5 Qxd3 14. dxc6 Qa6
15. Rc1 Be7 16. Nc4 O-O 17. Nxd6 Bxd6 18. Qxd6 Qc8 19. Qxe5 Qxh3 20. Qg3 Qe6
21. Rfd1 Rc8 22. Rd6 Qe8 23. Bd4 g6 24. c7 Na6 25. Rdc6 Nc5 26. Qd6 Nd7 27. Bb2
f6 28. Rd1 Ne5 29. Bxe5 Qxe5 30. Qxe5 fxe5 31. Rd7 Rf8 32. Re6 Rac8 33. Ree7
Rxf3 34. Rd8+ Rf8 35. Rxc8 Rxc8 36. Rd7 1-0

[Event "Marienbad Open 2016"]
[Site "Marianske Lazne CZE"]
[Date "2016.01.21"]
[Round "7.11"]
[White "Golcman, Evgeny"]
[Black "Vacha, Jaroslav"]
[Result "1-0"]
[WhiteElo "2221"]
[BlackElo "1981"]
[PlyCount "65"]
[EventDate "2016.01.16"]
[EventType "swiss"]
[EventRounds "9"]
[EventCountry "CZE"]
[Source "lmi"]
[SourceDate "2016.01.16"]

1. c4 c5 2. Nc3 Nc6 3. Nf3 g6 4. g3 Bg7 5. Bg2 e5 6. O-O Nge7 7. d3 O-O 8. Be3
d6 9. Qc1 Nf5 10. Bg5 f6 11. Bd2 Rf7 12. Ne1 Be6 13. e3 Rc8 14. Rb1 Nfe7 15.
Nd5 b6 16. Nc2 g5 17. e4 Ng6 18. Nce3 Qd7 19. Qd1 g4 20. f3 h5 21. fxg4 Bxg4
22. Nxg4 hxg4 23. Ne3 Bh6 24. Nf5 Bxd2 25. Qxd2 Rff8 26. Qe2 Qh7 27. Qxg4 Rcd8
28. Ne3 Nd4 29. Nd5 Qg7 30. Rf2 Rf7 31. Rbf1 Rdf8 32. Bh3 Nf4 33. gxf4 1-0

[Event "Marienbad Open 2016"]
[Site "Marianske Lazne CZE"]
[Date "2016.01.21"]
[Round "7.12"]
[White "Semenova, Irina"]
[Black "Jedrocha, Katarzyna"]
[Result "1-0"]
[WhiteElo "2160"]
[BlackElo "1945"]
[PlyCount "99"]
[EventDate "2016.01.16"]
[EventType "swiss"]
[EventRounds "9"]
[EventCountry "CZE"]
[Source "lmi"]
[SourceDate "2016.01.16"]

1. e4 c5 2. Nf3 d6 3. d4 cxd4 4. Nxd4 Nf6 5. Nc3 a6 6. Bg5 Nbd7 7. f4 Qc7 8.
Qf3 b5 9. O-O-O Bb7 10. Bd3 g6 11. Rhe1 Bg7 12. Qh3 O-O 13. Bh6 b4 14. Bxg7
Kxg7 15. Nb1 Rac8 16. Nd2 Nc5 17. Kb1 a5 18. g4 a4 19. g5 Nh5 20. f5 Nxd3 21.
Qxd3 a3 22. bxa3 bxa3 23. Qxa3 Ra8 24. Qb2 Kg8 25. Re3 Ra4 26. Ra3 Rfa8 27.
Rxa4 Rxa4 28. Re1 Qa5 29. N4b3 Qb6 30. Qc3 Qa7 31. Qc7 Qa8 32. Qxe7 Nf4 33.
Qxd6 Ng2 34. Re2 Nh4 35. fxg6 Nxg6 36. Qf6 Bxe4 37. Nxe4 Rxe4 38. Qf3 Re8 39.
Qxa8 Rxa8 40. Re4 h6 41. h4 hxg5 42. hxg5 Nf8 43. Re5 Kg7 44. Nd4 Kg6 45. Kb2
Ra4 46. c3 Ra7 47. Rb5 Nh7 48. Nf3 Re7 49. Nh4+ Kh5 50. g6+ 1-0

[Event "Marienbad Open 2016"]
[Site "Marianske Lazne CZE"]
[Date "2016.01.21"]
[Round "7.18"]
[White "Berka, Lubos"]
[Black "Janska, Jitka"]
[Result "0-1"]
[WhiteElo "1783"]
[BlackElo "2066"]
[PlyCount "34"]
[EventDate "2016.01.16"]
[EventType "swiss"]
[EventRounds "9"]
[EventCountry "CZE"]
[Source "lmi"]
[SourceDate "2016.01.16"]

1. e4 e5 2. Nc3 Nc6 3. Bc4 Nf6 4. d3 Na5 5. Nge2 Bc5 6. Bg5 Bxf2+ 7. Kd2 h6 8.
Bxf6 Qxf6 9. Nd5 Qg5+ 10. Kc3 O-O 11. Nxc7 Bd4+ 12. Nxd4 exd4+ 13. Kb4 Nc6+ 14.
Kb3 Qc5 15. Qd2 Na5+ 16. Qxa5 Qxa5 17. Nxa8 b5 0-1

[Event "Marienbad Open 2016"]
[Site "Marianske Lazne CZE"]
[Date "2016.01.21"]
[Round "7.20"]
[White "Janiszewski, Maciej"]
[Black "Yudin, Mikhail"]
[Result "1-0"]
[WhiteElo "2003"]
[BlackElo "1423"]
[PlyCount "71"]
[EventDate "2016.01.16"]
[EventType "swiss"]
[EventRounds "9"]
[EventCountry "CZE"]
[Source "lmi"]
[SourceDate "2016.01.16"]

1. Nf3 Nf6 2. c4 g6 3. g3 Bg7 4. Bg2 O-O 5. d4 d6 6. O-O Nbd7 7. Nc3 a6 8. h3
h6 9. b3 e5 10. e4 c5 11. dxe5 dxe5 12. Bb2 Re8 13. Qd3 b6 14. Rad1 Qc7 15. Nd5
Nxd5 16. exd5 Bb7 17. Rfe1 Qc8 18. Qc2 b5 19. Nd2 b4 20. a4 f5 21. Qb1 e4 22.
Bxe4 fxe4 23. Nxe4 Ne5 24. Bxe5 Bxe5 25. Nd6 Bxd6 26. Qxg6+ Kh8 27. Qxh6+ Kg8
28. Qg6+ Kh8 29. Rxe8+ Qxe8 30. Qxd6 Qf8 31. Qe5+ Kg8 32. Re1 Qf3 33. Qg5+ Kh8
34. Re7 Qd1+ 35. Kh2 Rf8 36. Qg7# 1-0

[Event "Marienbad Open 2016"]
[Site "Marianske Lazne CZE"]
[Date "2016.01.21"]
[Round "7.21"]
[White "Danko, Jiri"]
[Black "Zvereva, Margarita"]
[Result "0-1"]
[WhiteElo "1996"]
[BlackElo "1745"]
[PlyCount "68"]
[EventDate "2016.01.16"]
[EventType "swiss"]
[EventRounds "9"]
[EventCountry "CZE"]
[Source "lmi"]
[SourceDate "2016.01.16"]

1. e4 c6 2. d4 d5 3. Nc3 dxe4 4. Nxe4 Nf6 5. Nxf6+ exf6 6. Be3 Bd6 7. Bd3 O-O
8. Qd2 Re8 9. O-O-O Nd7 10. Kb1 Nf8 11. h3 a5 12. Nf3 b5 13. g4 a4 14. c3 b4
15. c4 Qa5 16. Rhe1 Bd7 17. Re2 b3 18. a3 Qxd2 19. Nxd2 Ne6 20. Ne4 Bc7 21.
Rde1 Ba5 22. Rd1 Bc7 23. Rde1 Rad8 24. d5 cxd5 25. cxd5 Nf4 26. Bxf4 Bxf4 27.
Nc5 Rxe2 28. Rxe2 Rc8 29. Re4 Bd2 30. Re2 Bh6 31. Re1 Rxc5 32. Bf5 Bxf5+ 33.
gxf5 Kf8 34. Rd1 Ke7 0-1

[Event "Marienbad Open 2016"]
[Site "Marianske Lazne CZE"]
[Date "2016.01.21"]
[Round "7.23"]
[White "Von Keyserlingk, Chanda"]
[Black "Marczuk, Anna"]
[Result "0-1"]
[WhiteElo "1760"]
[BlackElo "1979"]
[PlyCount "102"]
[EventDate "2016.01.16"]
[EventType "swiss"]
[EventRounds "9"]
[EventCountry "CZE"]
[Source "lmi"]
[SourceDate "2016.01.16"]

1. d4 d6 2. c4 e5 3. Nf3 e4 4. Ng5 f5 5. g3 Nf6 6. Nc3 Be7 7. Nh3 Be6 8. b3 c6
9. Bg2 O-O 10. O-O d5 11. Nf4 Bf7 12. cxd5 cxd5 13. Bb2 Nc6 14. Rc1 Rc8 15. e3
g5 16. Nfe2 Nb4 17. Rb1 Bh5 18. f3 Qd6 19. Qd2 Qa6 20. Nc1 exf3 21. Bxf3 Bxf3
22. Rxf3 Ne4 23. Nxe4 fxe4 24. Rxf8+ Rxf8 25. Qe2 Rf3 26. Qxa6 Nxa6 27. Ne2
Rxe3 28. Nc3 Nc7 29. Rc1 Bd6 30. Kf2 Rf3+ 31. Ke2 Kf7 32. Nb1 Ke6 33. Nd2 Rf8
34. Rf1 Nb5 35. Rxf8 Bxf8 36. Nf1 Bb4 37. a4 Nd6 38. g4 b5 39. Bc1 bxa4 40.
bxa4 Bc3 41. Bxg5 Bxd4 42. Nd2 Nf7 43. Bf4 Be5 44. Be3 d4 45. Bg1 Kd5 46. Kd1
Ng5 47. Ke1 e3 48. Nb3 Nf3+ 49. Kf1 Bxh2 50. Bxe3 dxe3 51. Ke2 Nd4+ 0-1

[Event "Marienbad Open 2016"]
[Site "Marianske Lazne CZE"]
[Date "2016.01.21"]
[Round "7.30"]
[White "Kral, Ladislav"]
[Black "Klausen, Kris"]
[Result "1-0"]
[WhiteElo "1623"]
[BlackElo "1891"]
[PlyCount "33"]
[EventDate "2016.01.16"]
[EventType "swiss"]
[EventRounds "9"]
[EventCountry "CZE"]
[Source "lmi"]
[SourceDate "2016.01.16"]

1. e4 c5 2. Nf3 d6 3. d4 cxd4 4. Nxd4 Nf6 5. Nc3 a6 6. Be2 e5 7. Nb3 Be6 8. O-O
Be7 9. Be3 Nbd7 10. f4 Qc7 11. Nd2 Nb6 12. Kh1 O-O 13. g4 Bc4 14. Bxb6 Qxb6 15.
Nxc4 Qb4 16. g5 Nd7 17. Nd5 1-0

[Event "Marienbad Open 2016"]
[Site "Marianske Lazne CZE"]
[Date "2016.01.21"]
[Round "7.32"]
[White "Panos, Jan"]
[Black "Pucholt, Martin"]
[Result "1-0"]
[WhiteElo "1819"]
[BlackElo "1640"]
[PlyCount "79"]
[EventDate "2016.01.16"]
[EventType "swiss"]
[EventRounds "9"]
[EventCountry "CZE"]
[Source "lmi"]
[SourceDate "2016.01.16"]

1. d4 Nf6 2. Nf3 e6 3. e3 b6 4. c4 Bb4+ 5. Bd2 Bxd2+ 6. Nbxd2 Bb7 7. Bd3 d5 8.
Qa4+ Qd7 9. Qa3 dxc4 10. Bxc4 Qd6 11. Bb5+ Bc6 12. Qxd6 cxd6 13. a4 a6 14.
Bxc6+ Nxc6 15. Nc4 Nb4 16. O-O O-O 17. Nxb6 Ra7 18. a5 Nd3 19. Ra3 Nb4 20. Rb3
Nbd5 21. Nc4 Rd8 22. Nxd6 Rc7 23. e4 Nf4 24. Re1 h6 25. g3 Ng6 26. Rb6 Rc2 27.
h3 Nd7 28. Rb7 f6 29. b3 e5 30. Nf5 Ra2 31. b4 exd4 32. N3xd4 Ngf8 33. Rd1 Rc8
34. Ne7+ Kh7 35. Nxc8 Ne5 36. Nd6 Ned7 37. Ne8 Kg6 38. Nf5 Re2 39. Rdxd7 Nxd7
40. Rxd7 1-0

[Event "Marienbad Open 2016"]
[Site "Marianske Lazne CZE"]
[Date "2016.01.22"]
[Round "8.3"]
[White "Ivanov, Mikhail M"]
[Black "Ilandzis, Spyridon"]
[Result "0-1"]
[WhiteElo "2359"]
[BlackElo "2136"]
[PlyCount "116"]
[EventDate "2016.01.16"]
[EventType "swiss"]
[EventRounds "9"]
[EventCountry "CZE"]
[Source "lmi"]
[SourceDate "2016.01.16"]

1. c4 b6 2. Nc3 Bb7 3. e4 e6 4. Nge2 Nf6 5. f3 d5 6. cxd5 exd5 7. e5 Nfd7 8. d4
Be7 9. f4 O-O 10. g3 f5 11. Bg2 c6 12. O-O Na6 13. g4 fxg4 14. Ng3 Kh8 15. Qxg4
Nb4 16. f5 Nc2 17. Nh5 Rg8 18. Nf4 Nf8 19. Rf3 Nxa1 20. Rg3 g6 21. Nh3 Nc2 22.
Ng5 Rg7 23. f6 Bxf6 24. exf6 Qxf6 25. Nf3 Ne6 26. Ne2 Rf8 27. Bh6 Ne1 28. Bxg7+
Nxg7 29. Nxe1 Qf2+ 30. Kh1 Qxe1+ 31. Ng1 Bc8 32. Qg5 Nf5 33. Rf3 Kg7 34. Rf1
Qb4 35. Qf4 Qd6 36. Qd2 Nh4 37. Rxf8 Qxf8 38. Qe1 Nxg2 39. Qe5+ Qf6 40. Qc7+
Kh6 41. Kxg2 Bf5 42. Qf4+ g5 43. Qf2 Be4+ 44. Kf1 Qxf2+ 45. Kxf2 Kg6 46. b4 h5
47. Ne2 h4 48. Nc3 Bd3 49. Ke3 Bc4 50. a3 Kf5 51. Nd1 g4 52. Nf2 g3 53. hxg3
hxg3 54. Nh3 Kg4 55. Ng1 Bb5 56. Nf3 Kh3 57. Ne1 Kh2 58. Kf3 Ba4 0-1

[Event "Marienbad Open 2016"]
[Site "Marianske Lazne CZE"]
[Date "2016.01.22"]
[Round "8.6"]
[White "Chekletsov, Ilya"]
[Black "Lukasiewicz, Anna"]
[Result "1-0"]
[WhiteElo "2246"]
[BlackElo "2082"]
[PlyCount "83"]
[EventDate "2016.01.16"]
[EventType "swiss"]
[EventRounds "9"]
[EventCountry "CZE"]
[Source "lmi"]
[SourceDate "2016.01.16"]

1. d4 Nf6 2. c4 g6 3. Nc3 Bg7 4. e4 d6 5. f4 O-O 6. Nf3 c5 7. d5 e6 8. Be2 exd5
9. cxd5 Re8 10. e5 Nfd7 11. exd6 Qb6 12. O-O a6 13. a4 Qxd6 14. Kh1 b6 15. Nd2
Nf6 16. Nc4 Qd8 17. Bf3 Nbd7 18. f5 Ne5 19. Nxe5 Rxe5 20. fxg6 hxg6 21. Bf4 Rf5
22. Qd2 Nh5 23. d6 Ra7 24. Bxh5 Rxh5 25. Nd5 Be6 26. Ne7+ Kh7 27. Nc6 Qd7 28.
Nxa7 Qxa7 29. Qe2 Qb7 30. Rad1 Bd4 31. Rd2 b5 32. axb5 axb5 33. Qf3 Bd5 34. Qg3
b4 35. Re1 Be6 36. Be5 Qd5 37. Bxd4 cxd4 38. Red1 Rh3 39. Rxd4 Qxd4 40. Qxh3+
Bxh3 41. Rxd4 Bd7 42. Rxb4 1-0

[Event "Marienbad Open 2016"]
[Site "Marianske Lazne CZE"]
[Date "2016.01.22"]
[Round "8.9"]
[White "Golcman, Evgeny"]
[Black "Ochmann, Reimund"]
[Result "1-0"]
[WhiteElo "2221"]
[BlackElo "2048"]
[PlyCount "93"]
[EventDate "2016.01.16"]
[EventType "swiss"]
[EventRounds "9"]
[EventCountry "CZE"]
[Source "lmi"]
[SourceDate "2016.01.16"]

1. c4 c6 2. d4 d5 3. Nf3 Nf6 4. Qb3 e6 5. Nc3 dxc4 6. Qxc4 Nbd7 7. e4 Be7 8.
Bg5 O-O 9. Be2 Rb8 10. Bf4 b5 11. Qd3 Ra8 12. O-O a6 13. Rfd1 Qb6 14. Be3 Ng4
15. Bg5 f6 16. Bh4 c5 17. d5 c4 18. Qd2 Bc5 19. Bf1 Nde5 20. Ne1 Bb7 21. h3 Nh6
22. Bg3 Rad8 23. Nc2 exd5 24. Nxd5 Bxd5 25. exd5 Nf5 26. Bf4 Nh4 27. Ne1 Nf5
28. Nc2 Nh4 29. Ne1 Nf5 30. Nc2 Rd7 31. b4 cxb3 32. axb3 Ng6 33. Bd3 Nd4 34.
Nxd4 Bxd4 35. Bxg6 Bxa1 36. Bf5 Rdd8 37. Rxa1 Rfe8 38. Qd3 g6 39. Be4 Rd7 40.
Bxg6 Red8 41. Be4 a5 42. Qc3 b4 43. Qc4 Kg7 44. Be3 Qd6 45. Rxa5 Rc7 46. Qxc7+
Qxc7 47. Ra7 1-0

[Event "Marienbad Open 2016"]
[Site "Marianske Lazne CZE"]
[Date "2016.01.22"]
[Round "8.12"]
[White "Marczuk, Anna"]
[Black "Marczuk, Dominik"]
[Result "0-1"]
[WhiteElo "1979"]
[BlackElo "2277"]
[PlyCount "46"]
[EventDate "2016.01.16"]
[EventType "swiss"]
[EventRounds "9"]
[EventCountry "CZE"]
[Source "lmi"]
[SourceDate "2016.01.16"]

1. Nf3 Nf6 2. g3 g6 3. Bg2 Bg7 4. O-O O-O 5. d3 d5 6. c4 c6 7. cxd5 cxd5 8. Nc3
Nc6 9. Bf4 d4 10. Ne4 Nxe4 11. dxe4 e5 12. Bg5 Qb6 13. b3 f5 14. Ne1 f4 15.
gxf4 h6 16. Bh4 exf4 17. Nf3 Bg4 18. Rc1 Bxf3 19. Bxf3 g5 20. Bg3 Ne5 21. Bg2
fxg3 22. hxg3 d3 23. exd3 Rad8 0-1

[Event "Marienbad Open 2016"]
[Site "Marianske Lazne CZE"]
[Date "2016.01.22"]
[Round "8.14"]
[White "Janska, Jitka"]
[Black "Janiszewski, Maciej"]
[Result "0-1"]
[WhiteElo "2066"]
[BlackElo "2003"]
[PlyCount "110"]
[EventDate "2016.01.16"]
[EventType "swiss"]
[EventRounds "9"]
[EventCountry "CZE"]
[Source "lmi"]
[SourceDate "2016.01.16"]

1. e4 d5 2. exd5 Nf6 3. c4 e6 4. dxe6 Bxe6 5. Nf3 Nc6 6. d4 Qe7 7. Qe2 O-O-O 8.
d5 Qb4+ 9. Nc3 Bg4 10. a3 Qb3 11. dxc6 Bc5 12. Be3 Rhe8 13. cxb7+ Kb8 14. Rd1
Bxa3 15. Rd3 Rxd3 16. Qxd3 Qxb2 17. Qd2 Qa1+ 18. Ke2 Bb4 19. Qa2 Bxc3 20. Qxa1
Bxa1 21. Kd2 Rd8+ 22. Kc1 Bxf3 23. gxf3 Bd4 24. Bg2 Kxb7 25. Kc2 Bxe3 26. fxe3
Rd6 27. Kc3 c5 28. e4 Nh5 29. Rb1+ Rb6 30. Rd1 Nf4 31. Bf1 Kc7 32. Ra1 a6 33.
Ra5 Rc6 34. Ra2 Rh6 35. Rb2 Rg6 36. Kd2 Rg1 37. Ke3 g5 38. Rf2 Kd6 39. Rd2+ Ke5
40. Rd1 Rh1 41. h3 h5 42. Kf2 Rh2+ 43. Ke3 Ra2 44. Rd7 Ra1 45. Kf2 Ra2+ 46. Ke3
Ra3+ 47. Kf2 f6 48. Rc7 Ne6 49. Re7 h4 50. Rd7 Kf4 51. Rd6 Rxf3+ 52. Kg2 Rg3+
53. Kf2 Ke5 54. Rxa6 Nf4 55. Rc6 Nxh3+ 0-1

[Event "Marienbad Open 2016"]
[Site "Marianske Lazne CZE"]
[Date "2016.01.22"]
[Round "8.17"]
[White "Dolezal, Rudolf"]
[Black "Svidinsky, Dmitry"]
[Result "0-1"]
[WhiteElo "1787"]
[BlackElo "2072"]
[PlyCount "86"]
[EventDate "2016.01.16"]
[EventType "swiss"]
[EventRounds "9"]
[EventCountry "CZE"]
[Source "lmi"]
[SourceDate "2016.01.16"]

1. d4 d5 2. Nc3 Nf6 3. Bg5 Nbd7 4. f3 h6 5. Bxf6 Nxf6 6. e4 dxe4 7. fxe4 Bg4 8.
Be2 Bxe2 9. Ngxe2 e5 10. Qd3 exd4 11. Nxd4 c6 12. O-O-O Bc5 13. Qc4 Bxd4 14.
Rxd4 Qe7 15. Rf1 O-O 16. h3 Rad8 17. Rfd1 Nd7 18. Kb1 Ne5 19. Qe2 Rxd4 20. Rxd4
Rd8 21. Qd2 Rxd4 22. Qxd4 b6 23. a3 Ng6 24. Ne2 Qe5 25. Qc4 Qh2 26. Qxc6 Qxg2
27. Qe8+ Kh7 28. Nc3 Qf1+ 29. Ka2 Qc4+ 30. Kb1 Qe6 31. Qb8 Qxh3 32. Qxa7 Qf1+
33. Ka2 Qc4+ 34. Kb1 Qf1+ 35. Ka2 h5 36. Qxb6 h4 37. a4 h3 38. a5 h2 39. a6
h1=Q 40. a7 Ne5 41. Qb8 Nc6 42. Qb7 Nxa7 43. Kb3 Qfg1 0-1